Statistics for Religion By One of Its Symbols #1

Click here to take the quiz!

General Stats

  • This quiz has been taken 49 times
  • The average score is 8 of 16

Answer Stats

Answer% Correct
Islam
95%
Christianity
91%
Buddhism
88%
Judaism
86%
Hinduism
84%
Shintoism
72%
Taoism
67%
Sikhism
63%
Jainism
47%
Zoroastrianism
33%
Bahai
30%
Confucianism
21%
Pastafarianism
16%
Thelema
5%
LaVeyan Satanism
2%
Babism
0%

Score Distribution

Percentile by Number Answered

Percent of People with Each Score

Your Score History

You have not taken this quiz